000 00657nam a2200241Ia 4500
003 OSt
005 20221005073738.0
006 a|||||r|||| 00| 0
007 ta
008 221004b |||||||| |||| 00| 0 eng d
024 _a65902
037 _cTextual
040 _aCRL
_cCRL
_beng
041 _2eng
_aeng
082 _aWx1:g(U5), M9
100 _aRajendra Prasad
_999960
245 0 _aPolitico geographical analysis of the arthasastra
260 _aNew Delhi
_bInter India India
_c1989
300 _a203p.
_ccm.
650 _aPOLITICAL SCIENCE
942 _hWx1:g(U5), M9
_cTEXL
_2cc
999 _c981628
_d981628